|
|
|
|
| LEADER |
00000nam0a2200000 4500 |
| 001 |
350722 |
| 005 |
20231102010330.0 |
| 010 |
|
|
|b 4000 экз.
|
| 035 |
|
|
|a (RuTPU)RU\TPU\retro\4984
|
| 090 |
|
|
|a 350722
|
| 100 |
|
|
|a 20190226d1936 k y0rusy50 ca
|
| 101 |
1 |
|
|a rus
|c eng
|
| 102 |
|
|
|a RU
|
| 105 |
|
|
|a a z 001zy
|
| 200 |
1 |
|
|a Теории и модели эфира
|e пер. с англ.
|f Г. (Х.) А. Лоренц (Лорентц)
|
| 210 |
|
|
|a Москва
|a Ленинград
|c ОНТИ НКТП СССР
|c Главная редакция общетехнической литературы и номографии
|d 1936
|
| 215 |
|
|
|a 68 с.
|c ил.
|
| 316 |
|
|
|5 63413507: КР-6074
|a На титульном листе владельческая подпись: "А. Воробьев"
|
| 317 |
|
|
|5 63413507: КР-6074
|a Поступила в НТБ в 1987 г. в дар от вдовы ученого Е. К. Завадовской
|
| 320 |
|
|
|a Указатель литературы: с. 67-68
|
| 606 |
1 |
|
|a Эфир
|x Динамика
|2 stltpush
|3 (RuTPU)RU\TPU\subj\21501
|9 46479
|
| 610 |
1 |
|
|a физика
|
| 610 |
1 |
|
|a свет
|
| 610 |
1 |
|
|a аберрации
|
| 610 |
1 |
|
|a несжимаемые эфиры
|
| 610 |
1 |
|
|a уравнения Максвелла
|
| 610 |
1 |
|
|a магнитные поля
|
| 610 |
1 |
|
|a движение
|
| 610 |
1 |
|
|a жидкости
|
| 610 |
1 |
|
|a притяжение
|
| 610 |
1 |
|
|a эфир Кельвина
|
| 610 |
1 |
|
|a упругость
|
| 610 |
1 |
|
|a эфиры
|
| 610 |
1 |
|
|a шары
|
| 610 |
1 |
|
|a библиотека А. А. Воробьева
|
| 675 |
|
|
|a 530.1
|v 4
|
| 700 |
|
1 |
|a Лоренц (Лорентц)
|b Г. (Х.) А.
|c нидерландский физик
|c лауреат Нобелевской премии
|f 1853-1928
|g Гендрик (Хендрик) Антон
|2 stltpush
|3 (RuTPU)RU\TPU\pers\13529
|9 4169
|
| 801 |
|
1 |
|a RU
|b 63413507
|c 20190226
|
| 801 |
|
2 |
|a RU
|b 63413507
|c 20200312
|g RCR
|
| 942 |
|
|
|c BK
|